000 00670nam a2200241Ia 4500
005 20260430150501.0
008 008 250103s9999 xx 000 0 eng d
037 _aTheses
040 _aCRL
040 _beng
040 _ceng
041 _2eng
041 _aeng
084 _qCRL
100 _aGoyal Hina Au.; Gupta Rajeev Gu.
_91237641
245 0 _aPolycyclic Aromatic Hydrocarbon-Based Soft Materials: Gel, AIEE, Mechanochromism and Sensing Properties/Applications
260 _c2023
300 _a223p.
650 _aChemistry
700 _aUniversity of Delhi. Faculty of Science. Deptt.of Chemistry
942 _cTH
999 _c1849886
_d1849886